00428nam a22001331a 4500003000600000005001700006008004100023100002300064245013100087260002600218300001600244650001400260700002000274NEGST20151120020003.0030627s1971 ilu 001 0 eng d1 aLessor, L Richard.10aLove and marriage and trading stamps :bon the care and feeding of marriage /cby Richard Lessor; with Clare C. Acton.h[Text] aChicagobArguscc1971 a128p : ill. 0aMarriage.1 aActon, Clare C.